Handbook of Emerging Communications Technologies (Record no. 1800956)

MARC details
000 -LEADER
fixed length control field 01053nam a2200289Ia 4500
005 - DATE AND TIME OF LATEST TRANSACTION
control field 20260324135305.0
008 - FIXED-LENGTH DATA ELEMENTS--GENERAL INFORMATION
fixed length control field 008 260324s9999 xx 000 0 eng d
020 ## - INTERNATIONAL STANDARD BOOK NUMBER
International Standard Book Number 9781315219721
037 ## - SOURCE OF ACQUISITION
Stock number EBOOK
040 ## - CATALOGING SOURCE
Original cataloging agency CRL
040 ## - CATALOGING SOURCE
Language of cataloging eng
040 ## - CATALOGING SOURCE
Transcribing agency CRL
041 ## - LANGUAGE CODE
Source of code eng
041 ## - LANGUAGE CODE
Language code of text/sound track or separate title eng
084 ## - COLON CLASSIFICATION NUMBER
Assigning agency CRL
100 ## - MAIN ENTRY--PERSONAL NAME
Personal name Vicky Hardman; O. Hodson; Andrew G. Malis; Raj Jain; Edwin F. Steeble; Rafael Osso; Saba Zamir; Chunlei Liu; Albert Azzam; George Scheets; Mark Allen; Antonio Ortega; Bruce Klopfenstein; Mario Francois Jauvin; Sonia Fahmy; Richard V. Ducey; Eric Bouillet; Ahmad Khanifar; Saleem N. Bhatti; Krishna Bala; L. Arnold Johnson; Ted Carlin; Douglas Ferguson; Masoud Khansari; Paul J. Brusil
9 (RLIN) 1200050
245 #0 - TITLE STATEMENT
Title Handbook of Emerging Communications Technologies
245 #4 - TITLE STATEMENT
Remainder of title The Next Decade
260 ## - PUBLICATION, DISTRIBUTION, ETC.
Name of publisher, distributor, etc. Taylor and Francis
260 ## - PUBLICATION, DISTRIBUTION, ETC.
Date of publication, distribution, etc. 2000
365 ## - TRADE PRICE
Price type code
365 ## - TRADE PRICE
Price amount 260
856 ## - ELECTRONIC LOCATION AND ACCESS
Uniform Resource Identifier <a href="http://www.taylorfrancis.com/books/9781315219721">http://www.taylorfrancis.com/books/9781315219721</a>
942 ## - ADDED ENTRY ELEMENTS (KOHA)
Koha item type eBooks
Holdings
Withdrawn status Lost status Damaged status Not for loan Home library Current library Date acquired Total Checkouts Barcode Date last seen Price effective from Koha item type
        Central Library Central Library 2026-03-24   CL2083120 2026-03-24 2026-03-24 eBooks
Copyright @ Delhi University Library System